000 00311nam a2200145Ia 4500
008 230523s9999 xx 000 0 und d
082 _a519 GUN
100 _aGun, A.M.
245 0 _aFundamentals of Statistics
260 _aKolkata
260 _bWorld Press
260 _c2017
300 _a619
942 _cRB
999 _c3607
_d3607